000 00267nmm a2200097Ia 4500
008 220120s9999||||xx |||||||||||||||||und||
082 _a004.6 TOM
100 _aTomsho, Greg. Tittel, Ed and Johnson, David
_96076
245 0 _aGuide networking essentials
260 _c2007
999 _c138544
_d138544